000 00307nam a2200133Ia 4500
005 20251222141844.0
008 251222s9999||||xx |||||||||||||| ||spa||
020 _a950-537-194-2
082 _a658.409.2/E94
100 _aEtchevarne, Carlos
245 0 _aCalidad Gerencial
264 _bMacchi
942 _cLIB
999 _c7515
_d7515